Nadnárodné formy obchodných spoločností v EÚ bakalárska práca

Enregistré dans:
Détails bibliographiques
Auteur principal: Hricová, Ivana
Collectivité auteur: Obchodná fakulta EU. Katedra medzinárodného obchodu
Autres auteurs: Silná, Zuzana
Format: Livre
Langue:slovaque
Publié: Bratislava 2010
Tags: Ajouter un tag
Pas de tags, Soyez le premier à ajouter un tag!

MARC

LEADER 00000nam$a2200000$$$4500
001 0133962
005 20240320074310.8
041 0 |a slo 
044 |a SK 
245 1 0 |a Nadnárodné formy obchodných spoločností v EÚ  |b bakalárska práca  |c Ivana Hricová ; školiteľ: Zuzana Silná 
264 1 |a Bratislava  |c 2010 
300 |a 45 s. 
100 1 |a Hricová, Ivana 
700 1 |a Silná, Zuzana 
710 2 |a Obchodná fakulta EU. Katedra medzinárodného obchodu